Hänsches Frageründchen - Statistiken

Allgemein
  • Dieses Quiz wurde 15 mal gespielt
  • Das Durchschnittsergebnis liegt bei 5 aus 15
Antwortstatistiken
Hint Antwort % Korrekt
Hänsches Heimat Künzing
100%
Das Wort vom Schiri Gesetz
46%
Wos spuin ma? Snaipa
46%
Anzahl der Liter in einer „Künzinger Hoiben“ 5
38%
Der kleine Gaudiverein Arminia Bierzelt
31%
Künzinger KFC Hänsches Hähnchen
31%
Hänsches Device Microsoft Surface
31%
An den Auspuff erinnernde Kartoffelchips Pringles
31%
Datum der Liveparty 2024 16.03
23%
Künzinger Fußballverein FC Künzing
23%
Besitzer des Vereins Jakob
23%
Spielen wir Abenteuervölkerball? Nein
23%
Der beste Stürmer aller Zeiten Obernhuber
23%
Wie viele Versuche für einen erfolgreichen Korbleger? Alle
8%
Hänsches Mobil Opel Corsa
8%
Keine übereinstimmenden Quizze gefunden
Verteilung der Resultate
Anzahl Personen mit jedem Resultat
Perzentil nach korrekt beantworteten Fragen
Ihre Resultats-Entwicklung
Sie haben dieses Quiz noch nicht gespielt